01011nab a22002177a 4500999001500000003000400015005001700019008004100036040000700077100003300084245011000117260007300227300001500300500003700315505014100352505008200493650002300575650002600598773015600624942001300780 c5616d5616OSt20251222121412.0190429b xxu||||| |||| 00| 0 spa d cPJ 96590aMarinaro, José Angel10aNeuroderechos humanos. ¿Pueden reconceptualizarse los textos constitucionales? /cJosé Angel Marinaro. cCiudad Autónoma de Buenos Aires :aThomson Reuters La Ley, b2025. ap. 215-227 aCita: TR LALEY AR/DOC/1640/2025. aSumario: I. Introducción.— II. Las opciones en juego.— III. Esquema del ensayo.— IV. Conclusión.— V. Listado de acrónimos. tSi te interesa el texto completo, solicitalo a koha@justierradelfuego.gov.ar  09343aDERECHO PENAL 09614aDERECHOS HUMANOS0 0265893164tRevista de derecho penal y criminología. Nº 7 - Agosto 2025dCiudad Autónoma de Buenos Aires : Thomson Reuters La Ley, 2017-x00347914 2udccANA